000
00255nam a2200109Ia 4500
008
220204s9999 xx 000 0 und d
082
_a
159.91
_b
REU
100
_a
Reuben, D
245
0
_a
Any woman can
260
_a
New york
_b
David Mckay
_c
1971
942
_c
BK
999
_c
32096
_d
32096